000 00770nam a2200253Ia 4500
003 OSt
005 20220918172024.0
006 a|||||r|||| 00| 0
007 ta
008 220917b |||||||| |||| 00| 0 eng d
020 _a9789004385610 (hbk)
_cEURO 132.00
024 _a349,093
037 _b8559, 05/02/2019, Efficient Book Distributors
_cTextual
040 _aARTS
_cARTS
_beng
041 _2eng
_aeng
082 _aR845, Q9
100 _aPourjavady Reza Ed.
_939823
245 0 _aPhilosophy of qajar Iran
260 _aLeiden
_bBrill The Netherland
_c2019
300 _aix,391p.
_ccm.
650 _aPHILOSOPHY
942 _hR845, Q9
_cTEXL
_2CC
999 _c142258
_d142258